000 00259nam a2200097Ia 4500
008 240331s9999 xx 000 0 und d
082 _bWEI
100 _aWeiss,G
245 4 _aThe Cage :
_bThe Fight for Sri Lanka and the Last Days of the Tamil Tigers
942 _cL
999 _c5761
_d5761